Capitalismo y marxismo: como ruptura en la historia

Uloženo v:
Podrobná bibliografie
Hlavní autor: Falcionelli, Alberto (Autor)
Médium: Kniha
Jazyk:španělština
Vydáno: Buenos Aires Huemul 1949
Témata:
Tagy: Přidat tag
Žádné tagy, Buďte první, kdo vytvoří štítek k tomuto záznamu!

MARC

LEADER 00000nam a2200000 a 4500
001 UCW9932
003 CL-VaPUC
008 890707e19490000AG |||||||||||||||||spa|d
082 0 4 |a 320.1  |b FAL  |2 21 
100 0 |a Falcionelli, Alberto  |e author  |9 315409 
245 1 0 |a Capitalismo y marxismo: como ruptura en la historia 
300 |a 95 p 
942 |c BK 
945 |d 19890707 00:00:00 
260 |a Buenos Aires  |b Huemul  |c 1949 
650 0 |a Capitalismo  |9 255255 
650 7 |a MARXISMO  |2 CL-VaPUC  |9 315410 
583 |a last modification  |c 19890707 00:00:00  |k Rodrigo Vera 
999 |c 221768  |d 221766 
952 |0 0  |1 0  |4 0  |6 320_100000000000000_FAL_1949  |7 0  |8 P  |9 215631  |a BIBEDU  |b BIBEDU  |c BIBEDU_PB  |d 2019-11-15  |i 2840162  |o 320.1 FAL 1949  |p 2840162  |r 2024-01-25  |w 2019-11-15  |y BK  |k FIL